| 000 | 01314nam0a22003251 4500 | ||
|---|---|---|---|
| 001 | rc\3202347 | ||
| 005 | 20130115135546.0 | ||
| 021 |
_aRU _b76-42174 |
||
| 021 |
_aRU _bРг14483-76 |
||
| 035 | _a(NLR Aleph) 007541818 | ||
| 090 |
_a9765232 _c9765232 |
||
| 100 | _a20130115d1976 |||y0rusy50 ca | ||
| 101 | 0 | _arus | |
| 102 | _aRU | ||
| 105 | _aa z ||||| | ||
| 200 | 1 |
_aРусский язык _eУчеб. пособие для 6 кл. татар. школы _fПод ред. к. п. н., доц. Р.Б. Гарифьянова |
|
| 205 | _a4-е изд. | ||
| 210 |
_aКазань _cТатар. кн. изд-во _d1976 |
||
| 215 |
_a199 с. _cил. _d22 |
||
| 300 | _aПеред загл. авт.: Р.Б. Гарифьянова, М.Ш. Субаева, М.Г. Амирханов | ||
| 300 | _aВ вып. дан. 3-й авт.: Мурат Гумерович Амирханов | ||
| 700 | 1 |
_aГарифьянова _bР. Б. _gРоза Бареевна |
|
| 701 | 1 |
_aСубаева _bМ. Ш. _gМунавара Шакировна |
|
| 701 | 1 |
_6z01790 _aАмирханов _bМ. Г. _gМарат Гумерович |
|
| 790 | 1 |
_6z01701 _aАмирханов _bМ. Г. _gМурат Гумерович |
|
| 801 | 0 |
_aRU _bNLR _gpsbo |
|
| 801 | 1 |
_aRU _bELAR _2rusmarc |
|
| 852 |
_aNLR _j76-5/4330 |
||
| 942 | _cBOOK | ||
| 980 | _aNB | ||